| 000 | 01178nam0a2200289 4500 | ||
|---|---|---|---|
| 001 | RU\NLR\bibl\61005 | ||
| 005 | 20260407050936.0 | ||
| 010 |
_a5-7281-0261-1 _92000 |
||
| 021 |
_aRU _b99-34736 _91705 |
||
| 035 | _a(NLR Aleph) 002067082 | ||
| 090 |
_a4716241 _c4716241 |
||
| 100 | _a19991126d1999 |||y0rusy50 ca | ||
| 101 | 0 | _arus | |
| 102 | _aRU | ||
| 105 | _ay ||||||||| | ||
| 200 | 1 | _aТексты, документы, исследования | |
| 210 |
_aМ. _cРоссийск. гос. гуманит. ун-т _d1999 |
||
| 600 | 1 |
_aЯкобсон _bР. О. _f1896 - 1982 _gРоман Осипович _92015891 _3RU\NLR\AUTH\661212368 |
|
| 686 | _aШ1г(7США)7д Якобсон | ||
| 700 | 1 |
_aЯкобсон _bР. _4070 |
|
| 711 | 1 | 2 |
_a"100 лет Р. О. Якобсону", международный конгресс _f1996 _eМосква _3RU\NLR\AUTH\8810020117 _9538246 |
| 712 | 0 | 2 |
_4570 _aИнститут высших гуманитарных исследований им. Е. М. Мелетинского _cМосква _3RU\NLR\AUTH\883838 _9279012 |
| 801 | 0 |
_aRU _bNLR _c19991126 _gPSBO |
|
| 801 | 1 |
_aRU _bNLR _c19991126 |
|
| 942 | _cBOOK | ||
| 980 | _aNB | ||